| 000 | 04789nam a22005895i 4500 | ||
|---|---|---|---|
| 001 | 978-3-319-57696-1 | ||
| 003 | DE-He213 | ||
| 005 | 20210118121041.0 | ||
| 007 | cr nn 008mamaa | ||
| 008 | 170605s2017 gw | s |||| 0|eng d | ||
| 020 |
_a9783319576961 _9978-3-319-57696-1 |
||
| 024 | 7 |
_a10.1007/978-3-319-57696-1 _2doi |
|
| 050 | 4 | _aRC321-580 | |
| 072 | 7 |
_aPSAN _2bicssc |
|
| 072 | 7 |
_aMED057000 _2bisacsh |
|
| 072 | 7 |
_aPSAN _2thema |
|
| 082 | 0 | 4 |
_a612.8 _223 |
| 245 | 1 | 0 |
_aDrug and Gene Delivery to the Central Nervous System for Neuroprotection _h[electronic resource] : _bNanotechnological Advances / _cedited by Hari S. Sharma, Dafin F. Muresanu, Aruna Sharma. |
| 250 | _a1st ed. 2017. | ||
| 264 | 1 |
_aCham : _bSpringer International Publishing : _bImprint: Springer, _c2017. |
|
| 300 |
_aXIII, 228 p. 47 illus., 38 illus. in color. _bonline resource. |
||
| 336 |
_atext _btxt _2rdacontent |
||
| 337 |
_acomputer _bc _2rdamedia |
||
| 338 |
_aonline resource _bcr _2rdacarrier |
||
| 347 |
_atext file _bPDF _2rda |
||
| 505 | 0 | _aChapter 1 Renewable Biomaterials as Nanocarriers for Drug and Gene Delivery -- Chapter 2 Nanocarriers as CNS Drug Delivery Systems for Enhanced Neuroprotection -- Chapter 3 Nanotechnology Based Approaches for Neurodegenerative Disorders: Diagnosis and Treatment -- Chapter 4 Viral Vector Gene Delivery to the Brain for Treating Neurogenetic Diseases -- Chapter 5 Sleep Deprivation Induced Blood-Brain Barrier Breakdown and Brain Pathology. Neuroprotective Effects of Tio2-Nanowired Delivery of Cerebrolysin and Ondansetron -- Chapter 6 Glyco-Functionalised Biomaterials in Neuroregeneration -- Chapter 7 Targeting Nanoparticles to Brain: Impact of N-Methyl D-Aspartate Receptors. | |
| 520 | _aThis book summarizes the latest research on drug and gene delivery to the central nervous system (CNS). The chapters address safety concerns regarding the nanotechnology that is needed to develop nanomedicine for clinical practice. Particular focus is given to new technologies that have emerged in recent years to deliver therapeutic materials, such as genes, drugs, and other agents using nanotechnologies of diverse origin. This is an ideal book for students, teachers, researchers, and clinicians interested in a deeper understanding of nanotechnological advances in therapeutic medicine. This book also: Broadens readers’ understanding of viral vector gene delivery to the brain for treating neurogenetic diseases as well as targeted gene delivery into the brain using microbubble-facilitated focused ultrasound Covers in detail the latest developments in delivering therapeutic materials, such as siRNA delivery to the brain for treating neurological diseases, neuroprotective effects of gelatin nanoparticles in stroke, and nanowired drug delivery for brain diseases, heat stroke, and CNS injury Enriches understanding of new technologies for delivering therapeutic materials treating Alzheimer’s Disease, including targeted nanodrug delivery through the blood-brain barrier and the superior neuroprotective effects of nanowired drug delivery in Alzheimer’s Disease. | ||
| 650 | 0 | _aNeurosciences. | |
| 650 | 0 | _aBiomedical engineering. | |
| 650 | 0 | _aNeurobiology. | |
| 650 | 1 | 4 |
_aNeurosciences. _0http://scigraph.springernature.com/things/product-market-codes/B18006 |
| 650 | 2 | 4 |
_aBiomedical Engineering and Bioengineering. _0http://scigraph.springernature.com/things/product-market-codes/T2700X |
| 650 | 2 | 4 |
_aNeurobiology. _0http://scigraph.springernature.com/things/product-market-codes/L25066 |
| 700 | 1 |
_aSharma, Hari S. _eeditor. _4edt _4http://id.loc.gov/vocabulary/relators/edt |
|
| 700 | 1 |
_aMuresanu, Dafin F. _eeditor. _4edt _4http://id.loc.gov/vocabulary/relators/edt |
|
| 700 | 1 |
_aSharma, Aruna. _eeditor. _4edt _4http://id.loc.gov/vocabulary/relators/edt |
|
| 710 | 2 | _aSpringerLink (Online service) | |
| 773 | 0 | _tSpringer eBooks | |
| 776 | 0 | 8 |
_iPrinted edition: _z9783319576954 |
| 776 | 0 | 8 |
_iPrinted edition: _z9783319576978 |
| 776 | 0 | 8 |
_iPrinted edition: _z9783319862262 |
| 856 | 4 | 0 | _uhttps://doi.org/10.1007/978-3-319-57696-1 |
| 912 | _aZDB-2-SBL | ||
| 999 |
_c444942 _d444942 |
||
| 942 | _cEB | ||
| 506 | _aAvailable to subscribing member institutions only. Доступно лише організаціям членам підписки. | ||
| 506 | _fOnline access from local network of NaUOA. | ||
| 506 | _fOnline access with authorization at https://link.springer.com/ | ||
| 506 | _fОнлайн-доступ з локальної мережі НаУОА. | ||
| 506 | _fОнлайн доступ з авторизацією на https://link.springer.com/ | ||